000 00646nam a2200205Ia 4500
003 GCL
008 140319s9999 xx 000 0 ara d
040 _aGCL /
_cGCL
082 0 4 _aق
_b401.10932
_bع ل
100 1 _aعبدالحليم نورالدين
245 1 0 _aاللغة المصرية القديمة /
_cعبدالحليم نورالدين
260 _a[S.N] :
_bعبدالحليم نور الدين ،
_c1998
300 _a272 ص
490 _a
650 0 4 _aاللغات
650 0 4 _aالهيروغليفية
650 0 4 _aاللغة المصرية القديمة
650 0 4 _aاللغات الرمزية
942 _2ddc
_cBK
999 _c36982
_d36982